000 00568nam a2200229 a 4500
001 nice12345678
003 IN_TiNIC
005 20260116011548.0
008 080130s1926 lona grp 000 0 eng
020 _a
_c100
082 0 0 _a892.73
_bLAN1
100 _aLane, Edward William
245 _aArabian Nights` Entertainments
260 _aLondon
_bG.Bell and Sons Ltd
_c1926
300 _a388p
500 _aincludes index and biblioraphy
650 _aArabic-Fiction
700 1 _aLane, Edward William
902 _bSRS
942 _cBK
999 _c2626
_d2626